00000000nam 2200000zi 4500
0019.943762
003CaOODSP
00520250123084523
006m     o  d f      
007cr cn|||||||||
008241003e20240808qucd    ob   f000 0 fre d
020 |a9780660738925 |q(rapport)
020 |a9780660738932 |q(sommaire)
040 |aCaOODSP|bfre|erda|cCaOODSP
043 |an-cn---
0861 |aCH7-62/2024F-PDF
0861 |aCH7-62/2024-1F-PDF
24500|aÉvaluation du Fonds de la musique du Canada, 2018-2019 à 2022-2023.
264 1|a[Gatineau, Québec] : |bPatrimoine canadien = Canadian Heritage, |c8 août 2024.
264 4|c©2024
300 |a1 ressource en ligne (vi, 42 pages) : |bgraphiques en couleur + |esommaire (2 pages non numérotées)
336 |atexte|btxt|2rdacontent/fre
337 |ainformatique|bc|2rdamedia/fre
338 |aressource en ligne|bcr|2rdacarrier/fre
500 |aPublié aussi en anglais sous le titre : Evaluation of the Canada Music Fund 2018-19 to 2022-23.
504 |aComprend des références bibliographiques (page 42).
61026|aFonds de la musique du Canada|xÉvaluation.
650 6|aAide de l'État à la musique|zCanada|xÉvaluation.
7101 |aCanada. |bPatrimoine canadien. |bServices d'évaluation, |eorganisme de publication.
77508|tEvaluation of the Canada Music Fund, 2018-19 to 2022-23.|w(CaOODSP)9.943756
85640|qPDF|s1.33 Mo|uhttps://publications.gc.ca/collections/collection_2025/pch/CH7-62-2024-fra.pdf|zRapport
85640|qPDF|s2.20 Mo|uhttps://publications.gc.ca/collections/collection_2025/pch/CH7-62-2024-1-fra.pdf|zSommaire
8564 |qHTML|sS.O.|uhttps://www.canada.ca/fr/patrimoine-canadien/organisation/publications/evaluations/fonds-musique-canada-2018-2023.html|zRapport
8564 |qHTML|sS.O.|uhttps://www.canada.ca/fr/patrimoine-canadien/organisation/publications/evaluations/fonds-musique-canada-2018-2023/sommaire.html|zSommaire